|
|
|
|
| LEADER |
00000nab a2200000 a 4500 |
| 001 |
vtls009344397 |
| 003 |
SK-MaSNL |
| 005 |
20260305023238.0 |
| 008 |
250507c2007 xo |||||| ab ||00 b|slo |
| 015 |
|
|
|a SNBRA2008/10
|2 snkbucl
|
| 035 |
|
|
|a (uuid)6872b000-88f3-468a-b3c4-503dedf09baf
|
| 035 |
|
|
|a urn:nbn:sk:snk-ab13dc
|
| 035 |
|
|
|a (urnnbn)urn:nbn:sk:snk:ar-a05g4x
|
| 038 |
|
|
|a SNKBUCL
|
| 040 |
|
|
|a SNKBUCL
|b slo
|c SNKBUCL
|e AACR2
|
| 041 |
0 |
|
|a cze
|b ger
|
| 044 |
|
|
|a xo
|c SK
|
| 080 |
|
|
|a 903.3/5
|x (437.32)
|x "6377"
|2 12001
|
| 080 |
|
|
|a 902.2
|x (437.32)
|x "6377"
|2 2001
|
| 080 |
|
|
|a 393-053.2
|x (437.32)
|x "6377"
|2 2001
|
| 100 |
1 |
|
|a Langová, Jana
|4 aut
|9 707817
|
| 245 |
1 |
0 |
|a Dětský "pohřeb" v sídlištní jámě slezské kultury v Otrokovicích-Kvítkovicích
|c Jana Langová
|
| 300 |
|
|
|b Fotogr., obr.
|
| 500 |
|
|
|a Resumé preložila Eva Pietová
|
| 504 |
|
|
|a Literatúra
|
| 546 |
|
|
|a Abstrakt angl. Res. nem.
|
| 650 |
0 |
7 |
|a sídliskové jamy
|2 snkbucl
|9 825522
|
| 650 |
0 |
7 |
|a neskorá doba bronzová
|2 snkbucl
|9 49699
|
| 650 |
0 |
7 |
|a detské hroby
|2 snkbucl
|9 1267173
|
| 650 |
0 |
7 |
|a sliezska kultúra
|2 snkbucl
|9 1601350
|
| 650 |
0 |
7 |
|a kostrové hroby
|2 snkbucl
|9 90143
|
| 650 |
0 |
7 |
|a pohrebné obrady
|2 snkbucl
|9 68031
|
| 650 |
0 |
7 |
|a pochovávanie mŕtvych
|2 snkbucl
|9 58852
|
| 650 |
0 |
7 |
|a detské kostry
|2 snkbucl
|9 102641
|
| 651 |
|
7 |
|a Kvítkovice (Otrokovice, Česko)
|2 snkbucl
|9 1601351
|
| 651 |
|
7 |
|a Morava (Česko)
|2 snkbucl
|9 213805
|
| 655 |
|
7 |
|a analýza a interpretácie
|2 snkbucl
|9 1588327
|
| 700 |
1 |
|
|a Pietová, Eva
|4 trl
|9 479105
|
| 773 |
0 |
|
|t Študijné zvesti Archeologického ústavu Slovenskej akadémie vied. 42
|d Nitra : Archeologický ústav SAV, 2007
|g S. 117-126
|x 0560-2793
|z 9788089315024
|
| 850 |
|
|
|a Slovenská národná knižnica
|
| 852 |
|
|
|a Slovenská národná knižnica
|
| 958 |
|
|
|a article27
|
| 958 |
|
|
|a NB
|
| 958 |
|
|
|a CZ
|
| 958 |
|
|
|a OND
|
| 958 |
|
|
|a EUIPO
|
| 999 |
|
|
|c 3295322
|d 3297252
|